000 00754nam a2200265 a 4500
003 AR-BaBNM
005 20251128205112.0
008 082120s2002 ||||||||||||||000 | spa||
040 _cAR-BaBNM
100 1 _aShane, Harold G.
245 0 0 _aEl significado educacional del futuro
260 _aBuenos Aires
_bGuadalupe
_c1977
300 _a118 p.
_bdiagr., tablas
490 0 _aBiblioteca pedagógica. Problemática de la educación
_vv. 42
504 _aBibliografía: p. 100-103
650 4 _aSIGLO VEINTE
650 4 _aFUTURO DE LA EDUCACION
650 4 _aSIGLO VEINTIUNO
650 4 _aFILOSOFIA DE LA EDUCACION
650 4 _aVALORES
651 4 _aEstados Unidos
700 1 _aAlcalde, Ramón
_etraductor
942 _cBK
998 _cSILVI
999 _c9993
_d9993